[Event "La Fere op 6th"]
[Site "La Fere"]
[Date "2007.07.08"]
[Round "2"]
[White "Delmont, Jean Robert"]
[Black "Eeckhout, Jean Louis"]
[Result "1-0"]
[WhiteElo "2034"]
[BlackElo "1806"]
[PlyCount "74"]
[EventDate "2007.07.07"]
[EventType "swiss"]
[EventRounds "9"]
[EventCountry "FRA"]
[SourceTitle "CBM 119 Extra"]
[Source "ChessBase"]
[SourceDate "2007.09.04"]
[SourceVersion "1"]
[SourceVersionDate "2007.09.04"]
[SourceQuality "1"]

1. d4 d5 2. c4 c6 3. Nc3 Nf6 4. e3 e6 5. Nf3 g6 6. Bd3 Bg7 7. e4 dxe4 8. Nxe4 Nxe4 9. Bxe4 0-0 10. 0-0 Nd7 11. Bf4 Nf6 12. Bc2 Qb6 13. Rb1 Rd8 14. b4 a5 15. c5 Qa7 16. Bc7 Re8 17. Bxa5 Nd5 18. Qe1 Qb8 19. Bb3 Bd7 20. Ne5 Qc8 21. Qd2 f6 22. Nc4 Bf8 23. Rfe1 Qb8 24. a3 Be7 25. a4 Bf8 26. g3 Kh8 27. f4 Be7 28. Re2 Rg8 29. Rbe1 Qf8 30. Nb6 Nxb6 31. Bxb6 Rg7 32. a5 Re8 33. Bxe6 Bxe6 34. Rxe6 g5 35. Bc7 Rf7 36. Bd6 Qg7 37. fxg5 fxg5 1-0

[Event "Charleroi op 4th"]
[Site "Charleroi"]
[Date "2005.08.03"]
[Round "6"]
[White "Pacolet, Fabrice"]
[Black "Delmont, Jean Robert"]
[Result "1/2-1/2"]
[WhiteElo "1920"]
[BlackElo "2040"]
[PlyCount "59"]
[EventDate "2005.07.30"]
[EventType "swiss"]
[EventRounds "9"]
[EventCountry "BEL"]
[SourceTitle "EXT 2006"]
[Source "ChessBase"]
[SourceDate "2005.11.24"]
[SourceVersion "1"]
[SourceVersionDate "2005.11.24"]
[SourceQuality "1"]

1. d4 c5 2. d5 d6 3. c4 e5 4. Nc3 f5 5. e4 Nf6 6. f3 Be7 7. Be3 0-0 8. Bd3 fxe4 9. Nxe4 Nxe4 10. Bxe4 Bg5 11. Qd3 Bxe3 12. Qxe3 Bf5 13. Ne2 Bxe4 14. fxe4 Qh4+ 15. g3 Qg4 16. Rf1 Nd7 17. Kd2 Qh3 18. Qg1 Nf6 19. Nc3 Ng4 20. Nb5 Nxh2 21. Rxf8+ Rxf8 22. Kc2 Nf3 23. Qh1 Qxg3 24. Rf1 Nd4+ 25. Nxd4 Rf2+ 26. Rxf2 Qxf2+ 27. Kb3 Qxd4 28. Qh3 Qf2 29. Qe6+ Qf7 30. Qxd6 1/2-1/2

[Event "Metz op 23rd"]
[Site "Metz"]
[Date "2005.??.??"]
[Round "7"]
[White "Bolzoni, Victor Angel"]
[Black "Delmont, Jean Robert"]
[Result "1-0"]
[WhiteElo "2219"]
[BlackElo "2022"]
[PlyCount "27"]
[EventDate "2005.04.16"]
[EventType "swiss"]
[EventRounds "9"]
[EventCountry "FRA"]
[SourceTitle "EXT 2007"]
[Source "ChessBase"]
[SourceDate "2006.11.23"]
[SourceVersion "1"]
[SourceVersionDate "2006.11.23"]
[SourceQuality "1"]

1. e4 c5 2. Nf3 d6 3. Bc4 g6 4. c3 Bg7 5. d4 Nf6 6. dxc5 Qc7 7. Ng5 0-0 8. Qb3 e6 9. cxd6 Qxd6 10. Nd2 Qf4 11. Ndf3 Qg4 12. h3 Qh5 13. Be2 Nc6 14. Qc2 1-0

[Event "FRA-chT3 North 0304"]
[Site "France"]
[Date "2004.04.03"]
[Round "8.3"]
[White "Landuyt, Eric"]
[Black "Delmont, Jean Robert"]
[Result "1-0"]
[WhiteElo "2162"]
[BlackElo "2031"]
[PlyCount "61"]
[EventDate "2003.11.??"]
[EventType "team"]
[EventRounds "9"]
[EventCountry "FRA"]
[SourceTitle "EXT 2006"]
[Source "ChessBase"]
[SourceDate "2005.11.24"]
[SourceVersion "1"]
[SourceVersionDate "2005.11.24"]
[SourceQuality "1"]
[WhiteTeam "Cappelle la Grande"]
[BlackTeam "Charleville Mezieres"]
[WhiteTeamCountry "FRA"]
[BlackTeamCountry "FRA"]

1. e4 c5 2. Nc3 Nc6 3. g3 g6 4. Bg2 Bg7 5. d3 e6 6. f4 Nge7 7. Be3 Nd4 8. Nce2 Nxe2 9. Nxe2 Bxb2 10. Rb1 Bg7 11. Bxc5 d6 12. Bb4 Nc6 13. Bd2 Qc7 14. 0-0 0-0 15. Kh1 b6 16. g4 f5 17. Ng3 Bd7 18. gxf5 exf5 19. exf5 Bxf5 20. Nxf5 Rxf5 21. Be4 Rh5 22. f5 Be5 23. Bf4 Bxf4 24. Rxf4 d5 25. Bxd5+ Kh8 26. Qd2 Rf8 27. Rc4 Rf6 28. Qg2 Rhxf5 29. Rxc6 Rxc6 30. Bxc6 Rc5 31. Ba4 1-0

[Event "FRA-chT3 North 0304"]
[Site "France"]
[Date "2003.10.12"]
[Round "1.3"]
[White "Delmont, Jean Robert"]
[Black "Waquet, Frederic"]
[Result "1/2-1/2"]
[WhiteElo "2031"]
[BlackElo "2074"]
[PlyCount "59"]
[EventDate "2003.11.??"]
[EventType "team"]
[EventRounds "9"]
[EventCountry "FRA"]
[SourceTitle "EXT 2006"]
[Source "ChessBase"]
[SourceDate "2005.11.24"]
[SourceVersion "1"]
[SourceVersionDate "2005.11.24"]
[SourceQuality "1"]
[WhiteTeam "Charleville Mezieres"]
[BlackTeam "Chauny St Quentin"]
[WhiteTeamCountry "FRA"]
[BlackTeamCountry "FRA"]

1. d4 Nf6 2. c4 c5 3. d5 b5 4. cxb5 a6 5. Nc3 axb5 6. e4 b4 7. Nb5 d6 8. Bf4 g5 9. Bxg5 Nxe4 10. Bf4 Qa5 11. Bc4 Bg7 12. Qe2 b3+ 13. Kf1 f5 14. f3 0-0 15. fxe4 fxe4 16. g3 Qxa2 17. Rxa2 bxa2 18. Bxa2 Rxa2 19. Qxe4 Ba6 20. Nh3 Rxb2 21. Ke1 Bxb5 22. Kd1 Nd7 23. Ng5 Nf6 24. Qe6+ Kh8 25. Re1 Ba4+ 26. Kc1 Rc2+ 27. Kd1 Rxh2+ 28. Kc1 Rc2+ 29. Kd1 Rh2+ 30. Kc1 1/2-1/2

[Event "FRA-chT4 0102"]
[Site "Champagne Ardenne"]
[Date "2002.03.24"]
[Round "7"]
[White "Del Rio Crespo, Jose Antonio"]
[Black "Delmont, Jean Robert"]
[Result "1-0"]
[WhiteElo "2509"]
[BlackElo "2019"]
[PlyCount "79"]
[EventDate "2002.10.??"]
[EventType "team"]
[EventRounds "7"]
[EventCountry "FRA"]
[SourceTitle "EXT 2005"]
[Source "ChessBase"]
[SourceDate "2004.11.15"]
[SourceVersion "1"]
[SourceVersionDate "2004.11.15"]
[SourceQuality "1"]

1. Nf3 c5 2. c4 Nc6 3. Nc3 e5 4. e3 d6 5. d4 cxd4 6. exd4 Bg4 7. Be2 Nf6 8. Be3 Be7 9. d5 Nb8 10. 0-0 0-0 11. b4 a5 12. a3 Nbd7 13. Nb5 Ne8 14. Nd2 Bxe2 15. Qxe2 Nc7 16. c5 Nxd5 17. cxd6 Bg5 18. Nc7 Bxe3 19. Nxd5 Bd4 20. Rac1 axb4 21. axb4 Nb6 22. Ne7+ Kh8 23. Nf5 Ra2 24. Qg4 Qf6 25. Ne4 Qg6 26. Qxg6 hxg6 27. Nxd4 exd4 28. Rfd1 Nd5 29. Rxd4 Nf4 30. Ng3 Ne6 31. Rdd1 Rd8 32. d7 Rb2 33. Rc8 Rxb4 34. Rxd8+ Nxd8 35. Re1 Kh7 36. Re8 Rb1+ 37. Nf1 Nc6 38. d8Q Nxd8 39. Rxd8 b5 40. g3 1-0

[Event "Paris Apsap op 54rd"]
[Site "Paris"]
[Date "2002.??.??"]
[Round "8"]
[White "Delmont, Jean Robert"]
[Black "Bernard, Christophe"]
[Result "0-1"]
[WhiteElo "2023"]
[BlackElo "2360"]
[PlyCount "44"]
[EventDate "2002.08.15"]
[EventType "swiss"]
[EventRounds "9"]
[EventCountry "FRA"]
[SourceTitle "EXT 2003"]
[Source "ChessBase"]
[SourceDate "2002.11.25"]
[SourceVersion "1"]
[SourceVersionDate "2002.11.25"]
[SourceQuality "1"]

1. d4 Nf6 2. c4 g6 3. Nc3 d5 4. Nf3 Bg7 5. Qb3 dxc4 6. Qxc4 0-0 7. e4 Bg4 8. Be2 Nc6 9. Be3 Nd7 10. Rd1 Bxf3 11. Bxf3 e5 12. dxe5 Ndxe5 13. Qe2 Qh4 14. g3 Qh3 15. Nd5 Nxf3+ 16. Qxf3 Ne5 17. Qe2 Qg2 18. Qf1 Qxe4 19. Nc3 Qf3 20. Ne2 Rad8 21. Nd4 Qe4 22. Ke2 Nc4 0-1

[Event "FRA-chT4 0102"]
[Site "Champagne Ardenne"]
[Date "2001.11.18"]
[Round "2"]
[White "Delmont, Jean Robert"]
[Black "La, Hoai"]
[Result "1-0"]
[WhiteElo "2025"]
[BlackElo "1720"]
[PlyCount "75"]
[EventDate "2002.10.??"]
[EventType "team"]
[EventRounds "7"]
[EventCountry "FRA"]
[SourceTitle "EXT 2005"]
[Source "ChessBase"]
[SourceDate "2004.11.15"]
[SourceVersion "1"]
[SourceVersionDate "2004.11.15"]
[SourceQuality "1"]

1. d4 Nf6 2. c4 d5 3. cxd5 Nxd5 4. e4 Nf6 5. Nc3 e6 6. Nf3 Bb4 7. Bd3 Nc6 8. e5 Nd5 9. Qc2 Nce7 10. 0-0 h6 11. Ne4 Nc6 12. a3 Be7 13. b4 Bxb4 14. axb4 Ndxb4 15. Qc4 a6 16. Be3 Qd5 17. Nc3 Qxc4 18. Bxc4 Nc2 19. Ra2 Nxe3 20. fxe3 Bd7 21. Ne4 Ne7 22. Nc5 Bc6 23. Rb1 0-0 24. Nxb7 Rfb8 25. Rxa6 Rxa6 26. Bxa6 Nd5 27. Kf2 Nc3 28. Rb3 Ne4+ 29. Ke1 Bd5 30. Ra3 Ra8 31. Nc5 Nxc5 32. dxc5 Bb7 33. Bxb7 Rxa3 34. Ke2 Rc3 35. c6 g5 36. Nd4 Ra3 37. Nb5 Ra5 38. Nxc7 1-0